Polymer Composite/ (Record no. 11760)

MARC details
000 -LEADER
fixed length control field 00971nam a22001937a 4500
008 - FIXED-LENGTH DATA ELEMENTS--GENERAL INFORMATION
fixed length control field 090607s2005 ii|||||r|||| 000 0 eng d
020 ## - INTERNATIONAL STANDARD BOOK NUMBER
International Standard Book Number 8122415032
082 ## - DEWEY DECIMAL CLASSIFICATION NUMBER
Edition number 22
Classification number 620.192
Item number GUP
100 ## - MAIN ENTRY--PERSONAL NAME
9 (RLIN) 11496
Personal name Gupta, M. C.
245 ## - TITLE STATEMENT
Title Polymer Composite/
Statement of responsibility, etc M. C. Gupta & A. P. Gupta
260 ## - PUBLICATION, DISTRIBUTION, ETC. (IMPRINT)
Place of publication, distribution, etc New Delhi:
Name of publisher, distributor, etc New Age International, 2005
Date of publication, distribution, etc 2005
300 ## - PHYSICAL DESCRIPTION
Extent 151p.:
Other physical details ill.;
Dimensions 23 cm.
650 ## - SUBJECT ADDED ENTRY--TOPICAL TERM
9 (RLIN) 5875
Topical term or geographic name as entry element polymers
650 ## - SUBJECT ADDED ENTRY--TOPICAL TERM
9 (RLIN) 5876
Topical term or geographic name as entry element Polymeric composites
942 ## - ADDED ENTRY ELEMENTS (KOHA)
Source of classification or shelving scheme Dewey Decimal Classification
Item type Book - Borrowing
Holdings
Withdrawn status Item status Source of classification or shelving scheme Damaged status Not for loan Vendor Home library Current library Shelving location Date acquired Source of acquisition Cost, normal purchase price Serial Enumeration / chronology Total Checkouts Total Renewals Full call number Barcode Date last seen Date last borrowed Koha item type
    Dewey Decimal Classification     Alahram Central Library Central Library First floor 07/06/2009   55.00 358 4 20 620.192 GUP 000016167 15/07/2025 25/07/2021 Book - Borrowing
    Dewey Decimal Classification     Alahram Central Library Central Library First floor 07/06/2009   55.00 358     620.192 GUP 000016750 15/07/2025   NB - Book (Non borrowing)
    Dewey Decimal Classification     Alahram Central Library Central Library First floor 14/02/2010   55.00 38 1 3 620.192 GUP 000019186 15/07/2025 25/08/2013 Book - Borrowing